00968cam a22002771 45000010008000000030009000080050017000170080041000340100017000750150015000920350018001070400062001250420012001870500016001990820017002151000051002322450027002832600047003103000034003574900038003915000125004296500027005546500030005816500045006116510034006567462351BDDh-ASL20231015025904.0721011s1959 enkab 000 0 eng  aa 56003999  aGB55-13563 a(OCoLC)426246 aDLCcOWibfUdOCoLCdPPiPTdOCoLCdUkdPPLTdDLCdBDDh-ASL apremarc00aBV3540b.T7 a297.096bTRI1 aTrimingham, J. Spencerq(John Spencer),d1904-14aIslam in West Africa / aLondon,bOxford University Press, c[1959] a262 p.billus., map. c22 cm.0 aI.M.C. research pamphlets,vno. 3 aBased on material collected under the sponsorship of the Church Missionary Society and the Methodist Missionary Society. 0aMuslimszAfrica, West. 0aChristianszAfrica, West. 0aChristianity and other religionsxIslam. 0aAfrica, WestxChurch history.